Stimulation de la production de lates de L'Hevea brasiliensis par application de substances de croissance a une certaine distance de L'encoche (Record no. 45980)

MARC details
000 -LEADER
fixed length control field 00390nam a2200121Ia 4500
100 ## - MAIN ENTRY--AUTHOR NAME
Personal name Tupy J
245 #0 - TITLE STATEMENT
Title Stimulation de la production de lates de L'Hevea brasiliensis par application de substances de croissance a une certaine distance de L'encoche
260 ## - PUBLICATION, DISTRIBUTION, ETC. (IMPRINT)
Name of publisher R.G.C.P.
Year of publication 1969
300 ## - PHYSICAL DESCRIPTION
Number of Pages 479-482
700 ## - ADDED ENTRY--PERSONAL NAME
Personal name Resing WL
942 ## - ADDED ENTRY ELEMENTS (KOHA)
Koha item type Reprints
Holdings
Withdrawn status Lost status Damaged status Not for loan Home library Current library Date acquired Serial Enumeration / chronology Koha item type
      Reprints RRII Library RRII Library 22/12/2021 Volume 46, Issue 4 Reprints